[Event "GER-chT U16"]
[Site "Verden an der Aller"]
[Date "2009.12.30"]
[Round "7.4"]
[White "Usov, Andreas"]
[Black "Fischer, Marvin"]
[Result "1-0"]
[WhiteElo "1472"]
[BlackElo "1438"]
[PlyCount "84"]
[EventDate "2009.12.27"]
[EventType "team-swiss"]
[EventRounds "7"]
[EventCountry "GER"]
[SourceTitle "EXT 2022"]
[Source "ChessBase"]
[SourceDate "2021.10.06"]
[SourceVersion "1"]
[SourceVersionDate "2021.10.06"]
[SourceQuality "1"]
[WhiteTeam "Heilbronn U16"]
[BlackTeam "Oesede Georgsmarienhuette U16"]
[WhiteTeamCountry "GER"]
[BlackTeamCountry "GER"]

1. e4 e5 2. Nf3 Nc6 3. Bc4 Bc5 4. 0-0 Nf6 5. Nc3 d6 6. h3 Be6 7. Bxe6 fxe6 8. d3 0-0 9. Na4 Bb6 10. Nxb6 axb6 11. Bg5 Qe8 12. Re1 Qf7 13. c3 Rae8 14. b4 d5 15. b5 dxe4 16. bxc6 exf3 17. Qxf3 bxc6 18. Rxe5 Nd7 19. Qxf7+ Rxf7 20. Re2 h6 21. Bh4 b5 22. d4 Nf6 23. a4 Nd5 24. Rc2 Ra8 25. a5 Rff8 26. c4 bxc4 27. Rxc4 Ra6 28. Bg3 Rb8 29. Rac1 Rxa5 30. Rxc6 Ra4 31. Rxe6 Rxd4 32. Be5 Rdb4 33. Rg6 Kf8 34. Bxc7 Nxc7 35. Rxc7 Rb1+ 36. Kh2 R8b2 37. f3 Rf1 38. Rgxg7 Rxf3 39. Rh7 Kg8 40. Rxh6 Rff2 41. Rg6+ Kh8 42. Rg4 Rbe2 1-0

[Event "GER-chT U16"]
[Site "Verden an der Aller"]
[Date "2009.12.29"]
[Round "5.4"]
[White "Usov, Andreas"]
[Black "Hort, Max"]
[Result "0-1"]
[WhiteElo "1472"]
[BlackElo "1850"]
[PlyCount "91"]
[EventDate "2009.12.27"]
[EventType "team-swiss"]
[EventRounds "7"]
[EventCountry "GER"]
[SourceTitle "EXT 2022"]
[Source "ChessBase"]
[SourceDate "2021.10.06"]
[SourceVersion "1"]
[SourceVersionDate "2021.10.06"]
[SourceQuality "1"]
[WhiteTeam "Heilbronn U16"]
[BlackTeam "Hamburg Koenigsspringer U16"]
[WhiteTeamCountry "GER"]
[BlackTeamCountry "GER"]

1. e4 e6 2. d4 d5 3. e5 c5 4. c3 Nc6 5. Nf3 Bd7 6. Bd3 Qb6 7. Bc2 cxd4 8. cxd4 f6 9. Nc3 Nge7 10. 0-0 Ng6 11. Bxg6+ hxg6 12. a3 g5 13. h3 Na5 14. b4 Nc4 15. Re1 0-0-0 16. Qd3 Be8 17. Nd2 Nxd2 18. Bxd2 Rh4 19. Rac1 Kb8 20. Qg3 Ka8 21. Be3 Rh5 22. Ne2 Be7 23. f4 Bg6 24. fxg5 fxg5 25. Nf4 gxf4 26. Qxg6 Rh6 27. Qxg7 Bf8 28. Qd7 Kb8 29. Qf7 fxe3 30. Rxe3 Rh8 31. Rd3 Bh6 32. Rc5 Rc8 33. Qf6 Rcf8 34. Qe7 Re8 35. Qf6 Qd8 36. Qg6 Qg5 37. Qf7 Re7 38. Qf2 Rf8 39. Qc2 Qf4 40. Qe2 Ref7 41. Rdc3 Qf1+ 42. Qxf1 Rxf1+ 43. Kh2 Bf4+ 44. g3 Bd2 45. h4 Bxc3 46. Rxc3 0-1

[Event "GER-chT U14"]
[Site "Verden"]
[Date "2008.12.30"]
[Round "7.3"]
[White "Gomer, Thomas"]
[Black "Usov, Andreas"]
[Result "1/2-1/2"]
[WhiteElo "1125"]
[BlackElo "1464"]
[PlyCount "175"]
[EventDate "2008.12.27"]
[EventType "team-swiss"]
[EventRounds "7"]
[EventCountry "GER"]
[SourceTitle "EXT 2010"]
[Source "ChessBase"]
[SourceDate "2010.11.25"]
[SourceVersion "1"]
[SourceVersionDate "2010.11.25"]
[SourceQuality "1"]
[WhiteTeam "Balingen"]
[BlackTeam "Heilbronn"]
[WhiteTeamCountry "GER"]
[BlackTeamCountry "GER"]

1. e4 e6 2. d4 d5 3. e5 c5 4. Nf3 Nc6 5. Bb5 Bd7 6. Bxc6 Bxc6 7. Nc3 Qb6 8. b3 cxd4 9. Nxd4 Bc5 10. Be3 Ne7 11. Qd2 Ng6 12. Nxc6 Bxe3 13. fxe3 Qxc6 14. Qd4 Rc8 15. Ne2 b6 16. 0-0 0-0 17. Rac1 Qc7 18. c4 Qxe5 19. cxd5 Qxd4 20. Nxd4 exd5 21. Nb5 Rfe8 22. Rxc8 Rxc8 23. Nd6 Rc7 24. Rd1 Ne7 25. Nb5 Rc2 26. e4 a6 27. Na7 Rc7 28. exd5 Rxa7 29. d6 Kf8 30. d7 Nc6 31. d8Q+ Nxd8 32. Rxd8+ Ke7 33. Rh8 h6 34. a4 Rb7 35. b4 b5 36. axb5 Rxb5 37. Ra8 Rb6 38. Ra7+ Ke6 39. Kf2 g5 40. Ke3 f6 41. Kd3 Rxb4 42. Rxa6+ Kf5 43. h3 Rb2 44. g4+ Kg6 45. Ke4 Rh2 46. Ra3 h5 47. Kd5 Re2 48. Rb3 Ra2 49. Ke4 Ra4+ 50. Kf3 Rf4+ 51. Kg3 h4+ 52. Kg2 Rd4 53. Rb6 Kf7 54. Kf3 Rd3+ 55. Kg2 Ke7 56. Rb1 Rd5 57. Kf3 Ke6 58. Kg2 Rd4 59. Re1+ Kd5 60. Rf1 Ke5 61. Re1+ Re4 62. Rf1 Rf4 63. Re1+ Kd4 64. Rd1+ Ke3 65. Re1+ Kd2 66. Re8 Kd3 67. Rd8+ Ke3 68. Re8+ Re4 69. Rf8 Re6 70. Rf7 Kf4 71. Kf2 Rd6 72. Kg2 Rd2+ 73. Kf1 Kg3 74. Rxf6 Kxh3 75. Rb6 Kxg4 76. Rb4+ Kh5 77. Kg1 h3 78. Re4 h2+ 79. Kh1 g4 80. Re8 Kh4 81. Rh8+ Kg3 82. Rh3+ Kf4 83. Rh4 Kg5 84. Rh8 g3 85. Rg8+ Kf4 86. Rxg3 Rc2 87. Rg2 Rc7 88. Kxh2 1/2-1/2

[Event "GER-ch U25 op"]
[Site "Willingen"]
[Date "2008.05.13"]
[Round "5"]
[White "Usov, Andreas"]
[Black "Hentschel, Tobias"]
[Result "0-1"]
[WhiteElo "1461"]
[BlackElo "1812"]
[PlyCount "110"]
[EventDate "2008.05.11"]
[EventType "swiss"]
[EventRounds "9"]
[EventCountry "GER"]
[SourceTitle "CBM 124 Extra"]
[Source "ChessBase"]
[SourceDate "2008.07.03"]
[SourceVersion "1"]
[SourceVersionDate "2008.07.03"]
[SourceQuality "1"]

1. e4 e5 2. Nf3 Nc6 3. Nc3 Bc5 4. Bc4 Nf6 5. h3 d6 6. d3 Be6 7. Bb3 Bxb3 8. cxb3 h6 9. Qe2 0-0 10. Nh4 Nd4 11. Qd1 Nxe4 12. Nxe4 Bb4+ 13. Nc3 Qxh4 14. 0-0 c6 15. Re1 Bc5 16. Re4 Qd8 17. Rg4 f5 18. Rg6 Rf6 19. Rg3 f4 20. Rg4 d5 21. Rh4 Rf5 22. Rh5 Qf6 23. Qg4 Rxh5 24. Qxh5 Rf8 25. Bd2 Qf5 26. Qxf5 Rxf5 27. Kf1 Kf7 28. Rc1 Ne6 29. f3 Bd4 30. b4 Rf6 31. Nd1 Ke7 32. Bc3 Kd6 33. Nf2 h5 34. a4 Rf7 35. a5 Rc7 36. Nd1 Be3 37. Ra1 Bd4 38. Nf2 c5 39. bxc5+ Bxc5 40. Re1 Bd4 41. Nd1 a6 42. Re2 Bxc3 43. bxc3 Rc5 44. Ra2 Rb5 45. Nb2 Nc5 46. c4 Rb3 47. Ke2 dxc4 48. Nxc4+ Kd5 49. Nb6+ Kd4 50. Rc2 Rc3 51. Rb2 Nb3 52. Nd7 Rxd3 53. Nb6 e4 54. fxe4 Kxe4 55. Rc2 Nd4+ 0-1

[Event "GER-ch U25 op"]
[Site "Willingen"]
[Date "2008.05.11"]
[Round "2"]
[White "Palm, Adrian"]
[Black "Usov, Andreas"]
[Result "0-1"]
[WhiteElo "915"]
[BlackElo "1461"]
[PlyCount "100"]
[EventDate "2008.05.11"]
[EventType "swiss"]
[EventRounds "9"]
[EventCountry "GER"]
[SourceTitle "CBM 124 Extra"]
[Source "ChessBase"]
[SourceDate "2008.07.03"]
[SourceVersion "1"]
[SourceVersionDate "2008.07.03"]
[SourceQuality "1"]

1. e4 e5 2. Nf3 Nc6 3. Bc4 Be7 4. 0-0 d6 5. Nc3 Bg4 6. h3 Bh5 7. d4 Nxd4 8. Be3 Nxf3+ 9. gxf3 Bg5 10. Qd2 h6 11. Be2 Bxe3 12. fxe3 f5 13. exf5 Qg5+ 14. Kf2 Ne7 15. Rg1 Qh4+ 16. Kg2 Nxf5 17. e4 Qg3+ 18. Kf1 Qxh3+ 19. Ke1 Qh4+ 20. Kd1 Nd4 21. Rf1 0-0-0 22. Nd5 Rhf8 23. c3 Nxe2 24. Kxe2 c6 25. Ne3 Qh2+ 26. Ke1 Qxd2+ 27. Kxd2 Rxf3 28. Rg1 Rf2+ 29. Kc1 Rf3 30. Nf5 Bg4 31. Nxg7 Rg8 32. Nf5 h5 33. Kc2 Rd8 34. Nh6 Bd7 35. Rh1 Rh3 36. Rxh3 Bxh3 37. Rh1 Bg4 38. Nxg4 hxg4 39. Rg1 Rg8 40. Rh1 g3 41. Rg1 d5 42. Kd3 Rg4 43. exd5 cxd5 44. Ke3 Kd7 45. Kf3 Rg6 46. Rxg3 Rxg3+ 47. Kxg3 Kc6 48. Kf3 Kc5 49. Ke2 b5 50. b3 b4 0-1

[Event "GER-ch U25"]
[Site "Willingen"]
[Date "2005.05.19"]
[Round "8"]
[White "Usov, Andreas"]
[Black "Chernova, Margarita"]
[Result "0-1"]
[WhiteElo "1101"]
[BlackElo "1187"]
[PlyCount "74"]
[EventDate "2005.05.14"]
[EventType "swiss"]
[EventRounds "9"]
[EventCountry "GER"]
[SourceTitle "CBM 106 Extra"]
[Source "ChessBase"]
[SourceDate "2005.07.01"]
[SourceVersion "1"]
[SourceVersionDate "2005.07.01"]
[SourceQuality "1"]

1. e4 e5 2. Nf3 Nc6 3. Nc3 Nf6 4. Bb5 a6 5. Bxc6 dxc6 6. d3 Bd6 7. d4 Bg4 8. dxe5 Bxf3 9. Qxf3 Bxe5 10. Bg5 h6 11. Bh4 g5 12. Bg3 Qe7 13. Bxe5 Qxe5 14. h4 g4 15. Qf5 Qxf5 16. exf5 0-0-0 17. 0-0 Rhe8 18. Rfd1 b5 19. Rxd8+ Rxd8 20. Rd1 Rxd1+ 21. Nxd1 Nd5 22. a3 Kd7 23. Kh2 Kd6 24. Kg3 h5 25. Ne3 Nxe3 26. fxe3 Ke5 27. f6 c5 28. b3 a5 29. a4 b4 30. Kf2 Ke4 31. Ke2 g3 32. c4 bxc3 33. b4 axb4 34. a5 b3 35. Kd1 Kd3 36. a6 b2 37. a7 b1Q# 0-1

[Event "GER-ch U25"]
[Site "Willingen"]
[Date "2005.05.17"]
[Round "5"]
[White "Strohmann, Marc"]
[Black "Usov, Andreas"]
[Result "1-0"]
[WhiteElo "1267"]
[BlackElo "1101"]
[PlyCount "68"]
[EventDate "2005.05.14"]
[EventType "swiss"]
[EventRounds "9"]
[EventCountry "GER"]
[SourceTitle "CBM 106 Extra"]
[Source "ChessBase"]
[SourceDate "2005.07.01"]
[SourceVersion "1"]
[SourceVersionDate "2005.07.01"]
[SourceQuality "1"]

1. f4 d5 2. e3 Nf6 3. Nf3 Bg4 4. b3 e6 5. Bb2 Be7 6. Bd3 Nc6 7. 0-0 Nb4 8. Qe1 Nxd3 9. cxd3 Bf5 10. Ne5 Rg8 11. Nc3 d4 12. Ne4 dxe3 13. Qxe3 b6 14. Rac1 Bxe4 15. dxe4 Bc5 16. d4 Bd6 17. Nf3 Nh5 18. e5 Bf8 19. g4 g6 20. gxh5 gxh5+ 21. Kf2 c5 22. Qe4 f5 23. Qc6+ Ke7 24. dxc5 h4 25. Qd6+ Kf7 26. Ng5+ Rxg5 27. Qxd8 Rxd8 28. fxg5 Rd2+ 29. Kg1 Rxb2 30. c6 Bc5+ 31. Kh1 Ke7 32. Rfd1 h6 33. c7 Rg2 34. c8Q Be3 1-0

[Event "GER-ch U25"]
[Site "Willingen"]
[Date "2005.05.15"]
[Round "3"]
[White "Neumair, Cedric"]
[Black "Usov, Andreas"]
[Result "1-0"]
[WhiteElo "1240"]
[BlackElo "1101"]
[PlyCount "67"]
[EventDate "2005.05.14"]
[EventType "swiss"]
[EventRounds "9"]
[EventCountry "GER"]
[SourceTitle "CBM 106 Extra"]
[Source "ChessBase"]
[SourceDate "2005.07.01"]
[SourceVersion "1"]
[SourceVersionDate "2005.07.01"]
[SourceQuality "1"]

1. d4 d5 2. c4 c6 3. Nf3 Nf6 4. e3 Bg4 5. Nc3 e6 6. Be2 Bxf3 7. Bxf3 dxc4 8. a4 Bb4 9. 0-0 0-0 10. Qe2 Nd5 11. Qxc4 Bxc3 12. bxc3 Qa5 13. Bd2 h6 14. Qd3 Nd7 15. c4 Qa6 16. Qb3 N5b6 17. Be2 Rfd8 18. Rfe1 c5 19. h3 Nc8 20. d5 Qb6 21. Qd3 Nf6 22. e4 Qb2 23. Bc3 Qb6 24. Qg3 exd5 25. exd5 Qd6 26. Be5 Qb6 27. Bc7 Ne4 28. Bxb6 Nxg3 29. Bxd8 Nd6 30. Bc7 Nxe2+ 31. Rxe2 Nxc4 32. d6 Rc8 33. d7 Rf8 34. Re8 1-0

[Event "Wuerttemberg-ch U12"]
[Site "Friedrichshafen"]
[Date "2005.04.02"]
[Round "7"]
[White "Usov, Andreas"]
[Black "Zuferi, Enis"]
[Result "0-1"]
[WhiteElo "1025"]
[BlackElo "1004"]
[PlyCount "96"]
[EventDate "2005.03.29"]
[EventType "swiss"]
[EventRounds "7"]
[EventCountry "GER"]
[SourceTitle "EXT 2007"]
[Source "ChessBase"]
[SourceDate "2006.11.23"]
[SourceVersion "1"]
[SourceVersionDate "2006.11.23"]
[SourceQuality "1"]

1. e4 e5 2. Nf3 Nc6 3. Nc3 d6 4. Be2 Nf6 5. d3 Be7 6. 0-0 0-0 7. Bd2 Be6 8. Ng5 d5 9. Nxe6 fxe6 10. Bg5 h6 11. Bxf6 Rxf6 12. Bf3 d4 13. Ne2 Qf8 14. Bg4 Rg6 15. h3 Bh4 16. c3 Rf6 17. Qe1 dxc3 18. Nxc3 Nd4 19. Rb1 Nc6 20. Nb5 Nb4 21. Nxc7 Rc8 22. Bxe6+ Rxe6 23. Nxe6 Qe7 24. Qd2 Rc2 25. Qe1 Nxd3 26. Qd1 Rxb2 27. Qxd3 Rxb1 28. Qxb1 Qxe6 29. Qxb7 Qxa2 30. Qd5+ Qxd5 31. exd5 a5 32. Ra1 Bd8 33. Kf1 Kf7 34. Ke2 Ke7 35. Ke3 Kd6 36. Ke4 g5 37. Rc1 Ke7 38. Kxe5 Bb6 39. f4 a4 40. fxg5 hxg5 41. g4 Ba5 42. Kf5 Kf8 43. Kxg5 Bd2+ 44. Kf5 Bxc1 45. d6 Ke8 46. g5 a3 47. g6 Bh6 48. g7 Bxg7 0-1